[Event "AUTO-MASTER-2501"]
[Site "http://www.queenalice.com/game.php?id=1436494"]
[Date "2016.8.16"]
[Round "1"]
[White "ZeDoido"]
[Black "jupar"]
[Result "1-0"]
[WhiteElo "2105"]
[BlackElo "2095"]

1. e4 e5 2. Nf3 Nc6 3. Nc3 Nf6 4. d4 exd4 5. Nxd4 d6 6. Bb5 Bd7 7. O-O Be7 8.
Re1 O-O 9. Nf5 Bxf5 10. exf5 Re8 11. Qf3 Bf8 12. Bg5 h6 13. Bxf6 Qxf6 14. Bxc6
bxc6 15. Qxc6 Rxe1+ 16. Rxe1 Rc8 17. g4 h5 18. h3 hxg4 19. hxg4 Qg5 20. Qc4 c6
21. a3 d5 22. Nxd5 Bd6 23. Ne3 Bf4 24. Ng2 Bb8 25. Qa6 Rd8 26. Qxc6 Kh7 27. Ne3
Bf4 28. Qf3 Qh6 29. Nd5 Qh2+ 30. Kf1 Bg5 31. c4 a5 32. Qg2 Qd6 33. f4 Bxf4 34.
Qh3+ Kg8 35. Ne7+ Qxe7 36. Rxe7 Kf8 37. Rb7 Bh6 38. g5 1-0

[Event "AUTO-MASTER-2501"]
[Site "http://www.queenalice.com/game.php?id=1436501"]
[Date "2016.8.16"]
[Round "1"]
[White "ZeDoido"]
[Black "josebaron"]
[Result "1-0"]
[WhiteElo "2061"]
[BlackElo "2061"]

1. e4 e5 2. Nf3 Nc6 3. Nc3 Bc5 4. Nxe5 Nxe5 5. d4 Bd6 6. dxe5 Bxe5 7. f4 Bxc3+
8. bxc3 d6 9. e5 dxe5 10. Qxd8+ Kxd8 11. fxe5 f6 12. Bf4 fxe5 13. Bxe5 Nf6 14.
O-O-O+ Bd7 15. Bc4 Re8 16. Rhe1 Ng4 17. Bxg7 Rxe1 18. Rxe1 b5 19. Bf7 Nxh2 20.
Rh1 Be8 21. Bf6+ Kd7 22. Rd1+ 1-0

[Event "AUTO-MASTER-2501"]
[Site "http://www.queenalice.com/game.php?id=1436502"]
[Date "2016.8.16"]
[Round "1"]
[White "josebaron"]
[Black "ZeDoido"]
[Result "0-1"]
[WhiteElo "2035"]
[BlackElo "2045"]

1. e4 d5 2. exd5 Qxd5 3. Nc3 Qe6+ 4. Be2 Qg6 5. Bf3 Nc6 6. d4 Bf5 7. a3 Bxc2 8.
Qd2 O-O-O 9. Nge2 e5 10. d5 Na5 11. Ng3 Nb3 12. Qe3 Nxa1 13. O-O Kb8 14. Qxe5
Bd6 15. Qh5 Nb3 16. Qxg6 hxg6 17. Be4 Bxe4 18. Ngxe4 Bxh2+ 0-1

[Event "O RETORNO"]
[Site "http://www.queenalice.com/game.php?id=1436512"]
[Date "2016.8.16"]
[Round "-"]
[White "ZeDoido"]
[Black "WILSONCSQ"]
[Result "1-0"]
[WhiteElo "2096"]
[BlackElo "1722"]

1. e4 e5 2. Nf3 d6 3. d4 Bg4 4. h3 Bxf3 5. gxf3 exd4 6. Qxd4 Nc6 7. Qc3 Nf6 8.
Ba6 Rb8 9. Bxb7 Ne7 10. Ba6 d5 11. e5 d4 12. Qc4 Nh5 13. c3 Nf5 14. Bb5+ Rxb5
15. Qxb5+ Ke7 16. Bg5+ f6 17. exf6+ gxf6 18. Qxf5 fxg5 19. Qe5+ Kf7 20. Qxh8
Qe8+ 21. Kd1 dxc3 22. Qxc3 Qa4+ 23. Qb3+ Qxb3+ 24. axb3 Nf6 25. Rxa7 Nd5 26. Nc3
Nxc3+ 27. bxc3 Bc5 28. Rxc7+ Be7 29. Re1 1-0

[Event "Challenge"]
[Site "http://www.queenalice.com/game.php?id=1438629"]
[Date "2016.8.30"]
[Round "-"]
[White "chessplayer123"]
[Black "ZeDoido"]
[Result "0-1"]
[WhiteElo "1732"]
[BlackElo "2094"]

1. d4 d5 2. Nf3 Nc6 3. e3 Nf6 4. Nc3 e6 5. Bd3 Bd6 6. Nb5 Bb4+ 7. c3 Be7 8. O-O
a6 9. Na3 O-O 10. Nc2 Bd6 11. b3 Ne4 12. Bb2 Bd7 13. Nce1 f5 14. Bc2 h6 15. Nd3
Be8 16. Nf4 Qf6 17. Re1 g5 18. Nd3 Bh5 19. a4 Rad8 20. c4 f4 21. c5 Be7 22. b4
fxe3 23. fxe3 a5 24. b5 Nb4 25. Nxb4 axb4 26. Rf1 Nxc5 27. Rb1 Ne4 28. Qd3 Qg7
29. Ne5 g4 30. Rxf8+ Rxf8 31. Rf1 g3 32. h3 Rf2 33. Rxf2 gxf2+ 34. Kf1 Qf8 35.
Bd1 Ng3# 0-1

[Event "Challenge"]
[Site "http://www.queenalice.com/game.php?id=1439281"]
[Date "2016.9.2"]
[Round "-"]
[White "ZeDoido"]
[Black "szachowymag"]
[Result "1-0"]
[WhiteElo "2098"]
[BlackElo "1912"]

1. d4 Nf6 2. Nc3 g6 3. e4 d6 4. Nf3 Bg7 5. e5 Nfd7 6. exd6 cxd6 7. Be3 e5 8. Ne4
Qe7 9. dxe5 dxe5 10. Nd6+ Kd8 11. Ng5 Rf8 12. Nxh7 Rh8 13. Ng5 Rf8 14. Qd5 Nf6
15. Qa5+ b6 16. Bxb6+ axb6 17. Qxb6+ Qc7 18. Ndxf7+ 1-0

[Event "REVANCHE 1"]
[Site "http://www.queenalice.com/game.php?id=1440300"]
[Date "2016.9.8"]
[Round "-"]
[White "WILSONCSQ"]
[Black "ZeDoido"]
[Result "0-1"]
[WhiteElo "1727"]
[BlackElo "2124"]

1. e4 e5 2. Nf3 Nc6 3. d3 Nf6 4. Bg5 h6 5. Bxf6 gxf6 6. Nc3 Nd4 7. Ne2 Nxf3+ 8.
gxf3 d5 9. c3 Be6 10. d4 dxe4 11. fxe4 c6 12. Bg2 Qb6 13. d5 cxd5 14. exd5 O-O-O
15. c4 Qxb2 16. O-O Bg4 17. f3 Bc5+ 18. Kh1 Bd7 19. Ng3 Bd4 20. Rb1 Qxa2 21. Ne2
Ba4 22. Qe1 Bc2 23. Rc1 Bd3 24. Nxd4 Bxf1 25. Bxf1 exd4 26. Bh3+ Kb8 27. Qg3+
Ka8 28. Qg1 Qa3 29. Ra1 Qxf3+ 30. Bg2 Qc3 31. Qb1 Qxc4 32. d6 Rd7 33. Bf1 Qd5+
34. Bg2 Qxd6 35. Qa2 Qb6 36. Rb1 Qe6 37. Qb2 Rb8 38. Rd1 Re8 39. h3 Qe2 40. Qc1
d3 41. Bf1 Qf2 42. Rd2 Qf3+ 43. Bg2 Qg3 44. Bf1 Rdd8 0-1

[Event "2016/3"]
[Site "http://www.queenalice.com/game.php?id=1446716"]
[Date "2016.10.21"]
[Round "-"]
[White "ZeDoido"]
[Black "WILSONCSQ"]
[Result "1-0"]
[WhiteElo "2131"]
[BlackElo "1725"]

1. e4 e5 2. Nf3 Nc6 3. Nc3 d6 4. d4 exd4 5. Nxd4 Nf6 6. Bb5 Bd7 7. O-O Be7 8.
Re1 O-O 9. Nf5 Nxe4 10. Nxe7+ Nxe7 11. Rxe4 a6 12. Bg5 f6 13. Bc4+ Kh8 14. Be3
b5 15. Bb3 c5 16. Qxd6 c4 17. Rxe7 Bf5 18. Qc5 cxb3 19. cxb3 Rc8 20. Qa3 Rb8 21.
Rd1 Qc8 22. Nd5 Qd8 23. Bf4 Rc8 24. Ne3 Qb6 25. Nxf5 b4 26. Qa4 h6 27. Qd7 Rcd8
28. Re8 Rxd7 29. Rxf8+ Kh7 30. Rxd7 Kg6 31. g4 Qe6 32. Rxg7# 1-0

[Event "2016/4"]
[Site "http://www.queenalice.com/game.php?id=1450668"]
[Date "2016.11.17"]
[Round "-"]
[White "WILSONCSQ"]
[Black "ZeDoido"]
[Result "0-1"]
[WhiteElo "1723"]
[BlackElo "2132"]

1. e4 e5 2. Nf3 f5 3. exf5 Bc5 4. Nxe5 Bxf2+ 5. Kxf2 Qh4+ 6. Ke2 Qe4+ 7. Kf2
Qd4+ 8. Kf3 Qxe5 9. Bd3 Ne7 10. Nc3 Nxf5 11. Re1 Nd4+ 12. Kf2 O-O+ 0-1

[Event "Challenge"]
[Site "http://www.queenalice.com/game.php?id=1451770"]
[Date "2016.11.24"]
[Round "-"]
[White "ZeDoido"]
[Black "WILSONCSQ"]
[Result "1-0"]
[WhiteElo "2189"]
[BlackElo "1721"]

1. e4 e5 2. d4 Bd6 3. dxe5 Bxe5 4. Nf3 d6 5. Nxe5 dxe5 6. Qxd8+ Kxd8 7. Nc3 Nf6
8. f4 Nc6 9. fxe5 Nxe5 10. Bg5 Kd7 11. O-O-O+ Ke6 12. Nb5 Rb8 13. Nxc7+ Ke7 14.
Nd5+ Ke6 15. Nf4+ Ke7 16. Bb5 Rd8 17. Nd5+ Kf8 18. Nxf6 Rxd1+ 19. Rxd1 gxf6 20.
Bxf6 Bd7 21. Bxd7 Nxd7 22. Rxd7 Re8 23. Rxb7 Rxe4 24. Rxa7 Re2 25. Ra8+ Re8 26.
Ra7 h5 27. g3 1-0

[Event "AUTO-MASTER-2535"]
[Site "http://www.queenalice.com/game.php?id=1452987"]
[Date "2016.12.2"]
[Round "1"]
[White "ZeDoido"]
[Black "bobifixer"]
[Result "1-0"]
[WhiteElo "2156"]
[BlackElo "2077"]

1. e4 c5 2. d4 cxd4 3. Qxd4 Nc6 4. Qa4 e5 5. Nc3 Nf6 6. Nf3 Be7 7. Bc4 h6 8. O-O
O-O 9. Be3 a6 10. Nd5 Nxd5 11. exd5 Na5 12. Bd3 d6 13. b4 b5 14. Qxa5 Qxa5 15.
bxa5 Bb7 16. c4 bxc4 17. Bxc4 Rfc8 18. Rab1 Rab8 19. Rxb7 1-0

[Event "AUTO-MASTER-2535"]
[Site "http://www.queenalice.com/game.php?id=1452988"]
[Date "2016.12.2"]
[Round "1"]
[White "bobifixer"]
[Black "ZeDoido"]
[Result "0-1"]
[WhiteElo "2096"]
[BlackElo "2179"]

1. c4 e5 2. Nc3 Nc6 3. d3 Nf6 4. Nf3 d5 5. cxd5 Nxd5 6. g3 Bb4 7. Bd2 O-O 8.
Nxd5 Qxd5 9. Bg2 Qb5 10. O-O Bg4 11. Bxb4 Qxb4 12. Rb1 Rad8 13. a3 Qb5 14. Qc1
Rd6 15. Re1 Re8 16. b4 e4 17. dxe4 Rxe4 18. e3 Rc4 19. Qb2 Bxf3 20. Bxf3 Qf5 21.
Bd1 Ne5 22. Be2 Rc2 23. Qb3 Nd3 24. Qxc2 Qxf2+ 25. Kh1 Rh6 26. h4 Qxg3 0-1

[Event "AUTO-MASTER-2535"]
[Site "http://www.queenalice.com/game.php?id=1452989"]
[Date "2016.12.2"]
[Round "1"]
[White "ZeDoido"]
[Black "al93oliveira"]
[Result "0-1"]
[WhiteElo "2190"]
[BlackElo "2119"]

1. e4 c5 2. Nf3 d6 3. d4 cxd4 4. Qxd4 Nc6 5. Qa4 Bd7 6. Qb3 Nf6 7. Nc3 Na5 8.
Qb4 e6 9. Bb5 Nc6 10. Qb3 a6 11. Bxc6 Bxc6 12. Nd4 Qc7 13. Nxc6 Qxc6 14. f3 Be7
15. Be3 O-O 16. O-O-O Rac8 17. Kb1 Nd7 18. Rhe1 Ne5 19. Bd4 Nc4 20. f4 b5 21. a3
Rfd8 22. Rd3 Rd7 23. g3 Rb7 24. Qa2 b4 25. axb4 Rxb4 26. b3 a5 27. Kc1 Nb6 28.
Ree3 a4 29. Nxa4 Nxa4 30. bxa4 Rxa4 31. Qb3 Qa8 32. Bb6 Rb8 33. Qb5 Ra6 34. Qd7
Bf8 0-1

[Event "AUTO-MASTER-2535"]
[Site "http://www.queenalice.com/game.php?id=1452991"]
[Date "2016.12.2"]
[Round "1"]
[White "ZeDoido"]
[Black "Pool888"]
[Result "1-0"]
[WhiteElo "2166"]
[BlackElo "2213"]

1. e4 c6 2. Nc3 d5 3. exd5 cxd5 4. d4 Nc6 5. Bf4 Bf5 6. Bd3 Bxd3 7. Qxd3 Nf6 8.
Qb5 Qd7 9. Nf3 a6 10. Qb6 e6 11. O-O Be7 12. Rad1 O-O 13. Rfe1 Bd8 14. Qb3 b5
15. Ne5 Qb7 16. Nxc6 Qxc6 17. Qb4 Qd7 18. Qd6 Be7 19. Qxd7 Nxd7 20. Nxd5 Bf6 21.
Nc3 Nb6 22. Ne4 Nd5 23. Bd6 Rfc8 24. Bc5 Be7 25. Bxe7 Nxe7 26. Nc5 Nc6 27. c3 b4
28. Re2 bxc3 29. bxc3 Rcb8 30. f4 Rb5 31. g4 a5 32. a4 Rb6 33. f5 exf5 34. d5
Na7 35. gxf5 Rd8 36. Rde1 h6 37. Re8+ 1-0

[Event "AUTO-MASTER-2535"]
[Site "http://www.queenalice.com/game.php?id=1452992"]
[Date "2016.12.2"]
[Round "1"]
[White "Pool888"]
[Black "ZeDoido"]
[Result "0-1"]
[WhiteElo "2218"]
[BlackElo "2142"]

1. e4 e5 2. Nf3 f5 3. Nxe5 Bc5 4. Bc4 Qh4 5. O-O fxe4 6. Nf7 Nf6 7. Nxh8 Ng4 8.
h3 Nxf2 9. Rxf2 Bxf2+ 10. Kf1 Qf6 11. Qe2 Bh4+ 12. Kg1 d5 13. Bxd5 Qd4+ 14. Qe3
Qxd5 15. Nc3 Qe6 16. Nb5 Na6 17. Nd4 Qe7 18. b3 Bf6 19. Bb2 Bd7 20. Rb1 O-O-O
0-1

[Event "Challenge"]
[Site "http://www.queenalice.com/game.php?id=1464817"]
[Date "2017.2.15"]
[Round "-"]
[White "zugzwangskie"]
[Black "ZeDoido"]
[Result "1-0"]
[WhiteElo "2304"]
[BlackElo "2176"]

1. e4 e5 2. Nf3 f5 3. Nxe5 Bc5 4. Bc4 Qh4 5. O-O fxe4 6. d4 exd3 7. Bf7+ Kf8 8.
Bxg8 Rxg8 9. Nxd3 Bb6 10. a4 a5 11. g3 Qf6 12. Nc3 Qf5 13. Be3 Nc6 14. g4 1-0

[Event "AUTO-MASTER-2501"]
[Site "http://www.queenalice.com/game.php?id=1480124"]
[Date "2017.5.28"]
[Round "2"]
[White "Bruscato"]
[Black "ZeDoido"]
[Result "0-1"]
[WhiteElo "2028"]
[BlackElo "2179"]

1. e4 e5 2. f4 Nc6 3. Nf3 f5 4. exf5 e4 5. Ne5 Nf6 6. Bc4 d5 7. Bb5 Bxf5 8. Nxc6
bxc6 9. Bxc6+ Bd7 10. Bxa8 Bg4 11. Bc6+ Ke7 12. Qxg4 Nxg4 13. O-O Qd6 0-1

[Event "AUTO-MASTER-2535"]
[Site "http://www.queenalice.com/game.php?id=1483074"]
[Date "2017.6.20"]
[Round "2"]
[White "Bruscato"]
[Black "ZeDoido"]
[Result "1-0"]
[WhiteElo "2059"]
[BlackElo "2215"]

1. e4 Nc6 2. d4 d5 3. e5 Bf5 4. Ne2 e6 5. Ng3 Bg6 6. c3 f6 7. f4 h5 8. Bd3 Bxd3
9. Qxd3 h4 10. Ne2 h3 11. g3 Qd7 12. O-O O-O-O 13. b4 Nh6 14. b5 Na5 15. Nd2 c5
16. Ba3 c4 17. Qc2 Bxa3 18. Rab1 b6 19. exf6 gxf6 20. Nf3 Ng4 21. Qd2 Nb7 22.
Rfe1 Qh7 23. Rbd1 1-0

[Event "AUTO-MASTER-2535"]
[Site "http://www.queenalice.com/game.php?id=1483075"]
[Date "2017.6.20"]
[Round "2"]
[White "ZeDoido"]
[Black "Bruscato"]
[Result "1-0"]
[WhiteElo "2196"]
[BlackElo "2105"]

1. e4 c5 2. Nf3 Nc6 3. Nc3 g6 4. d4 Nxd4 5. Nxd4 cxd4 6. Qxd4 f6 7. Be3 e5 8.
Qa4 Ne7 9. Bc4 Nc6 10. O-O d6 11. Bb3 Qe7 12. Nd5 Qg7 13. f4 Be6 14. fxe5 fxe5
15. Nf6+ Ke7 16. Bxe6 Kxe6 17. Qb3+ 1-0

[Event "AUTO-MASTER-2535"]
[Site "http://www.queenalice.com/game.php?id=1483076"]
[Date "2017.6.20"]
[Round "2"]
[White "Alexandrovinsk"]
[Black "ZeDoido"]
[Result "0-1"]
[WhiteElo "2129"]
[BlackElo "2186"]

1. e4 d5 2. exd5 Nf6 3. Nf3 Bg4 4. d4 Bxf3 5. Qxf3 Qxd5 6. Qxd5 Nxd5 7. c4 Nb4
8. Na3 N8c6 9. Be3 e6 10. Be2 O-O-O 11. O-O-O Nxa2+ 12. Kb1 Bxa3 13. Kxa2 Be7
14. Kb3 a5 15. Bf3 Nb4 16. c5 b6 17. cxb6 cxb6 18. d5 b5 19. Rc1+ Kd7 20. dxe6+
Kxe6 21. Rhd1 a4+ 22. Kc3 Na2+ 23. Kc2 Nxc1 24. Bxc1 Rxd1 25. Kxd1 b4 26. Bg4+
f5 27. Bf3 a3 0-1

[Event "AUTO-MASTER-2535"]
[Site "http://www.queenalice.com/game.php?id=1483077"]
[Date "2017.6.20"]
[Round "2"]
[White "ZeDoido"]
[Black "Alexandrovinsk"]
[Result "1-0"]
[WhiteElo "2205"]
[BlackElo "2134"]

1. e4 e5 2. Bc4 Nf6 3. Nf3 Bc5 4. Nxe5 O-O 5. d4 Bb6 6. Nc3 d6 7. Nf3 Nc6 8. d5
Ne5 9. Nxe5 dxe5 10. O-O Bg4 11. Qd3 a6 12. Be3 Bxe3 13. Qxe3 Qe7 14. Bd3 Ne8
15. f3 Bh5 16. g4 Bg6 17. a3 Qh4 18. Ne2 h5 19. gxh5 Bxh5 20. Rf2 Nd6 21. Rg2 f5
22. Qh6 Rf7 23. Nc3 Raf8 24. Rg5 fxe4 25. Nxe4 Nf5 26. Qxh5 Qxh5 27. Rxh5 g6 28.
Rg5 Nh4 29. Nd2 Kg7 30. Kh1 b5 31. Rag1 Nxf3 32. Rxg6+ Kh7 33. R6g3+ 1-0